| 000 | 00000nam##2200000za#4500 |
| 001 | 9.690683 |
| 003 | CaOODSP |
| 005 | 20230117131522 |
| 007 | cr ||||||||||| |
| 008 | 150407|2005||||xxc|||||o f|0| 0 eng|d |
| 040 | |aCaOODSP|beng |
| 043 | |an-cn--- |
| 086 | 1 |aJL2-63/2005E-PDF |
| 110 | 2 |aLaw Commission of Canada. |
| 245 | 10|aWelfare fraud - the constitution of social assistance as crime / |h[electronic resource]|cby Janet Mosher and Joe Hermer. |
| 260 | |aOttawa - Ontario : |bLaw Commission of Canada |c2005. |
| 300 | |a137p.|breferences, tables |
| 590 | |a08-02-Supp|b2008-04-07 |
| 690 | 07|aFraud|2gcpds |
| 690 | 07|aWelfare|2gcpds |
| 720 | 1 |aMosher, Janet |
| 720 | 1 |aHermer, Joe |
| 775 | 08|tLa fraude contre l'aide sociale - la criminalisation de l'aide sociale / |w(CaOODSP)9.635034 |
| 856 | 40|ahttp://publications.gc.ca|qPDF|s668 KB|uhttps://publications.gc.ca/collections/collection_2008/lcc-cdc/JL2-63-2005E.pdf |